|
|
|
|
| LEADER |
00000cam a2200000 a 4500 |
| 001 |
vtls001180048 |
| 003 |
SK-MaSNL |
| 005 |
20260301112244.0 |
| 008 |
240318s1995 gw e 00000 ger |
| 015 |
|
|
|a SNBZSA1995
|
| 020 |
|
|
|a 381223405X
|
| 035 |
|
|
|a SNK000123050
|
| 040 |
|
|
|a SNK
|b slo
|c SNK
|e AACR2
|
| 041 |
1 |
|
|a ger
|h eng
|
| 044 |
|
|
|a gw
|c DE
|
| 080 |
|
|
|a 633.88:615.32
|2 1981
|
| 080 |
|
|
|a 615.32
|2 1981
|
| 100 |
1 |
|
|a Polunin, Miriam,
|d 1945-2005
|4 aut
|9 436631
|
| 240 |
1 |
4 |
|a The Natural Pharmacy
|l Nemecky
|
| 245 |
1 |
0 |
|a Geheimnisse und Heilkräfte der Natur
|b Heilen und gesund bleiben mit pflanzlichen, tierischen und mineralischen Stoffen
|c Miriam Polunin, Christopher Robbins ; Übers. von Angelika Failhauer
|
| 260 |
|
|
|a Stuttgart
|b Unipart
|c 1995
|e [Martin]
|f [Neografia]
|
| 300 |
|
|
|a [144] s.
|c 29 cm
|
| 650 |
0 |
7 |
|a prírodné liečiteľstvo
|2 SNKPH
|9 4388
|
| 650 |
0 |
7 |
|a prírodné liečivá
|2 SNKPH
|9 106150
|
| 655 |
|
7 |
|a príručky
|2 SNKPH
|9 74364
|
| 700 |
1 |
|
|a Robbins, Christopher
|4 aut
|9 452728
|
| 700 |
1 |
|
|a Failhauer, Angelika
|4 trl
|9 452729
|
| 852 |
|
|
|a Slovenská národná knižnica
|
| 919 |
|
|
|a 3 8122 3405 X
|
| 954 |
|
|
|a odborná, vedecká literatúra cudzojazyčná (svetová)
|2 lita
|
| 999 |
|
|
|c 709883
|d 711813
|
| 952 |
|
|
|a SNK
|b SNK
|y PREZ
|7 0
|p 17A0907009
|o snkSB 54387
|i snkKSP 7738/95
|0 0
|1 0
|4 0
|d 2015-11-10
|l 0
|r 2025-03-26 00:00:00
|w 2026-02-23
|